000 00175nam a2200073Ia 4500
008 170817s9999 xx 000 0 und d
100 _aKUMAR N.
245 0 _aTEACHING OF GENERAL SCIENCE
260 _bANMOL PUB.
999 _c37882
_d37882